Library Banner

Rabb i kainat = رب کائنات / (Record no. 133430)

MARC details
000 -LEADER
fixed length control field 00495nam a22001457a 4500
005 - DATE AND TIME OF LATEST TRANSACTION
control field 20240314100950.0
008 - FIXED-LENGTH DATA ELEMENTS--GENERAL INFORMATION
fixed length control field 240314b ||||| |||| 00| 0 eng d
040 ## - CATALOGING SOURCE
Transcribing agency PK-LaUMT
082 ## - DEWEY DECIMAL CLASSIFICATION NUMBER
Classification number APC 297.2111
Item number ASG-R
100 ## - MAIN ENTRY--PERSONAL NAME
Personal name Asghar Ali Ijaz Chishti = اصغر علی اعجاز چشتی
245 ## - TITLE STATEMENT
Title Rabb i kainat = رب کائنات /
Statement of responsibility, etc by Asghar Ali Ijaz Chishti = اصغر علی اعجاز چشتی
260 ## - PUBLICATION, DISTRIBUTION, ETC. (IMPRINT)
Place of publication, distribution, etc Lahore ;
Name of publisher, distributor, etc Andaz Publications,
Date of publication, distribution, etc 2006
300 ## - PHYSICAL DESCRIPTION
Extent 287 p.
942 ## - ADDED ENTRY ELEMENTS (KOHA)
Koha item type Books
Holdings
Withdrawn status Lost status Damaged status Home library Current library Date acquired Full call number Barcode Date last seen Price effective from Koha item type
      UMT Main Campus UMT Main Campus 2024-03-14 APC 297.2111 ASG-R 146921 2024-03-14 2024-03-14 Books